Medzinárodné účtovníctvo. 4 - Španielsko
Hlavné zásady španielskeho účtovníctva, ktoré patrí do tzv. latinskej skupiny účtovných systémov. Vývoj španielskeho účtovníctva. Výkazy finančného účtovníctva. Metódy prepočtu výkazov finančného účtovníctva na cudziu menu.
Salvato in:
| Autore principale: | |
|---|---|
| Altri autori: | , |
| Natura: | Capitolo di libro |
| Lingua: | slovacco |
| Soggetti: | |
| Tags: |
Nessun Tag, puoi essere il primo ad aggiungerne!!
|
MARC
| LEADER | 00000naa a2200000 4500 | ||
|---|---|---|---|
| 001 | r019305 | ||
| 005 | 20221205101909.6 | ||
| 041 | 0 | |a slo | |
| 044 | |a SK | ||
| 245 | 1 | 0 | |a Medzinárodné účtovníctvo. 4 - Španielsko |c Peter Daniel, Peter Krištofík, S. Vrešaková |
| 520 | |a Hlavné zásady španielskeho účtovníctva, ktoré patrí do tzv. latinskej skupiny účtovných systémov. Vývoj španielskeho účtovníctva. Výkazy finančného účtovníctva. Metódy prepočtu výkazov finančného účtovníctva na cudziu menu. | ||
| 610 | 2 | 0 | |a Španielsko |
| 610 | 2 | 0 | |a systémy účtovné |
| 610 | 2 | 0 | |a výkazy účtovné |
| 610 | 2 | 0 | |a účtovníctvo finančné |
| 610 | 2 | 0 | |a účtovníctvo medzinárodné |
| 100 | 1 | |a Daniel, Peter | |
| 700 | 1 | |a Vrešaková, S. | |
| 700 | 1 | |a Krištofík, Peter | |